000 01252nam a22004217a 4500
001 0005320
003 KOHA_MİRAKIL
005 20260207001441.0
007 ta
008 090611b1988 tu |||gr||||#||||0|tur |
020 _a975448001X
_c0,01
040 _aTR-BiSEU
_btur
_cTR-BiSEU
_erda
041 0 _atur
044 _ctu
050 _aKKX558
_b.C56 1988
100 1 _aCin, Halil.
245 1 _aEski hukukumuzda boşanma/
_cHalil Cin ; Halil Cin.
264 1 _aKonya :
_bSelçuk Üniversitesi
_c1988
300 _a156 sayfa
336 _ametin
_btxt
_2rdacontent
337 _aaracısız
_bn
_2rdamedia
338 _acilt
_bnc
_2rdacarrier
490 1 _aSelçuk Üniversitesi yayın no.
490 1 _a41.
490 1 _aHukuk Fakültesi yayınları ;
_vno.
490 1 _a2.
500 _aKaynakça ve dizin var.
650 0 _aHukuk.
_93772
650 0 _aCivil law--Turkey.
_97300
650 0 _aDivorce--Law and legislation--Turkey.
_912814
650 0 _aMedeni hukuk--Türkiye.
_97301
650 0 _aBoşanma--Hukuk ve yasama--Türkiye.
_912815
830 1 _aSelçuk Üniversitesi yayın no.
_912816
830 1 _a41.
_95327
830 1 _aHukuk Fakültesi yayınları ;
_vno.
_912817
830 1 _a2.
_95554
942 _2lcc
_cBK
999 _c5302
_d5302